Strength of materials and structures (Record no. 58616)

MARC details
000 -LEADER
fixed length control field 00852nam a2200229 a 4500
008 - FIXED-LENGTH DATA ELEMENTS--GENERAL INFORMATION
fixed length control field 120416s1999 ||||||||||||||||| || u
020 ## - INTERNATIONAL STANDARD BOOK NUMBER
International Standard Book Number 0340719206
050 ## - LIBRARY OF CONGRESS CALL NUMBER
Classification number TA 405 Cas
100 ## - MAIN ENTRY--PERSONAL NAME
Personal name Chilver, Henry, Sir
245 10 - TITLE STATEMENT
Title Strength of materials and structures
250 ## - EDITION STATEMENT
Edition statement 4th ed.
260 ## - PUBLICATION, DISTRIBUTION, ETC.
Place of publication, distribution, etc. London:
Name of publisher, distributor, etc. Arnold
Date of publication, distribution, etc. 1999
300 ## - PHYSICAL DESCRIPTION
Extent xii, 706 p.
350 ## - PRICE (NR) (BK AM CF MU VM SE) [OBSOLETE]
Price 0.00
500 ## - GENERAL NOTE
General note First ed. published in 1959 under title: Strength of materials.
650 #0 - SUBJECT ADDED ENTRY--TOPICAL TERM
Topical term or geographic name entry element STRENGTH OF MATERIALS
700 ## - ADDED ENTRY--PERSONAL NAME
Personal name Case, John, 1888-1969
700 ## - ADDED ENTRY--PERSONAL NAME
Personal name Ross, C. T. F., 1935-
856 ## - ELECTRONIC LOCATION AND ACCESS
Uniform Resource Identifier <a href="http://www.loc.gov/catdir/description/els031/00265562.html">http://www.loc.gov/catdir/description/els031/00265562.html</a>
856 ## - ELECTRONIC LOCATION AND ACCESS
Uniform Resource Identifier <a href="http://www.loc.gov/catdir/toc/els051/00265562.html">http://www.loc.gov/catdir/toc/els051/00265562.html</a>
995 ## - RECOMMENDATION 995 [LOCAL, UNIMARC FRANCE]
-- 0.00
-- CBU-MAIN LIBRARY (Kitwe)
-- 1
-- 30.00
-- 1
-- DAMAGED
-- Main Library Open Access Collection
Holdings
Withdrawn status Lost status Source of classification or shelving scheme Damaged status Not for loan Home library Current library Shelving location Date acquired Total Checkouts Full call number Barcode Date last seen Price effective from Koha item type
          CBU-MAIN LIBRARY, KITWE. CBU-MAIN LIBRARY, KITWE.   11/30/2022   TA 405 Cas 014196 11/30/2022 11/30/2022 MONOGRAPH